000 00227 a2200097 4500
001 52969
100 _aAlexander, J M
245 _aStrength of Materials (Vol-I)
260 _aNew York
_bEllis Horwood
_c
090 _c33299
_d33299
942 _aNUST-CAE
_cM
_c25890
999 _c288042
_d288042